Увеличение диапазона измерения пьезопреобразователей статистических механических напряжений внутри контролируемых сред; Приборы и системы. Управление, контроль, диагностика; № 11

Dettagli Bibliografici
Parent link:Приборы и системы. Управление, контроль, диагностика: научно-технический и производственный журнал.— , 2000-
№ 11.— 2003.— С. 32-35
Autore principale: Зубцов В. И.
Lingua:russo
Pubblicazione: 2003
Serie:Датчики
Soggetti:
Natura: MixedMaterials Capitolo di libro
KOHA link:https://koha.lib.tpu.ru/cgi-bin/koha/opac-detail.pl?biblionumber=389134

MARC

LEADER 00000naa2a2200000 4500
001 389134
005 20231101063829.0
035 |a (RuTPU)RU\TPU\prd\21007 
090 |a 389134 
100 |a 20040105a2003 k y0rusy50 ca 
101 0 |a rus 
102 |a RU 
200 1 |a Увеличение диапазона измерения пьезопреобразователей статистических механических напряжений внутри контролируемых сред  |f В. И. Зубцов 
225 1 |a Датчики 
320 |a Библиогр.: 4 назв. 
461 1 |0 (RuTPU)RU\TPU\prd\1687  |t Приборы и системы. Управление, контроль, диагностика  |o научно-технический и производственный журнал  |d 2000- 
463 1 |0 (RuTPU)RU\TPU\prd\20282  |t № 11  |v С. 32-35  |d 2003 
610 1 |a измерения 
610 1 |a пьезопреобразователи 
610 1 |a диапазон измерения 
610 1 |a механические напряжения 
610 1 |a преобразователи 
700 1 |a Зубцов  |b В. И. 
801 1 |a RU  |b 63413507  |c 20040105  |g PSBO 
801 2 |a RU  |b 63413507  |c 20121008  |g RCR 
942 |c BK